Pays ou le Français est une langue officielle - Statistiques

Statistiques générales
  • Ce quiz a été pris 30 fois
  • Le résultat moyen est 18 sur 28
Statistiques - réponses
Continent Situe Dans Pays % Correct
L' Europe France
100%
L'Europe Suisse
100%
L' Europe Belgique
92%
Amérique du Nord Canada
92%
L'Europe Monaco
88%
Afrique Republqiue du Congo
88%
L'Europe Luxembourg
85%
Afrique Mali
81%
Afrique Senegal
81%
Afrique Guinee
73%
Afrique Cameroun
69%
Afrique Chad
69%
Amérique du Nord Haiti
69%
Afrique Madagascar
69%
Afrique Benin
62%
Afrique Gabon
62%
Afrique Burkina Faso
58%
Afrique Comores
58%
Oceanie Vanuatu
58%
Afrique Djibouti
50%
Afrique Rwanda
50%
Afrique Burundi
46%
Afrique Guinee Equatoriale
46%
Afrique Nigeria
46%
Afrique République Démocratique du Congo
42%
Afrique République Centrafricaine
31%
Afrique Aller
0%
Afrique Les Seychelles
0%
Aucun quiz correspondant
Distribution des résultats
% des personnes avec chaque résultat
Percentile par nombre de réponses
Votre historique - résultats
Vous n’avez pas pris ce quiz